| 000 | 00317nam a2200109Ia 4500 | ||
|---|---|---|---|
| 008 | 230907s9999||||xx |||||||||||||| ||und|| | ||
| 082 |
_a629.8 _bCLA |
||
| 100 |
_aClabrese, Steven _9118043 |
||
| 245 |
_aPractical controls: a guide to mechanical systems / _cSteven Clabrese. |
||
| 260 | _c2019-09-27 | ||
| 942 |
_2ddc _cEB |
||
| 999 |
_c599660 _d599660 |
||